Marketingová komunikácia hotela Eurostars Gran Valencia diplomová práca

Saved in:
Bibliographic Details
Main Author: Ferková, Veronika
Corporate Author: Obchodná fakulta EU. Katedra marketingu
Other Authors: Labská, Helena
Format: Book
Language:Slovak
Published: Bratislava 2011
Tags: Add Tag
No Tags, Be the first to tag this record!

MARC

LEADER 00000nbm a2200000 4500
001 0132048
005 20161109101747.7
041 0 |a slo 
044 |a SK 
245 1 0 |a Marketingová komunikácia hotela Eurostars Gran Valencia  |b diplomová práca  |c Veronika Ferková ; školiteľ: Helena Labská 
264 1 |a Bratislava  |c 2011 
300 |a 88 s. 
100 1 |a Ferková, Veronika 
700 1 |a Labská, Helena 
710 2 |a Obchodná fakulta EU. Katedra marketingu